| 000 | 00391nam a2200157Ia 4500 | ||
|---|---|---|---|
| 005 | 20241009014952.0 | ||
| 008 | 240331s9999 xx 000 0 und d | ||
| 020 | _a9555720037 | ||
| 082 |
_bSEN _a820 |
||
| 100 | _aSeneviratne, M | ||
| 245 | 0 | _a Nights of the Dark Moon | |
| 260 |
_aColombo _bSwastika ( Private) Limited _c1995 |
||
| 300 | _a210 p ., | ||
| 650 | _aShort Stories | ||
| 942 | _cL | ||
| 999 |
_c4349 _d4349 |
||